| 000 | 00426nam a22000977a 4500 | ||
|---|---|---|---|
| 008 | 170327b xxu||||| |||| 00| 0 eng d | ||
| 100 | _aFielder, Dotothy | ||
| 245 | _aOtsego County postal history | ||
| 260 |
_aMaryland, NY _bauthor _c1994 |
||
| 650 | _anited States | New York | Otsego County | Postal History | Post Offices | Postal Service | Postal Markings | Postal Routes Transportation of Mail | Railway Mail | Mobile Post Offices | ||
| 999 |
_c2328 _d2328 |
||